Sports Quiz

Random Sports or Clickable Quiz

2002 NBA Draft: John Hollinger Comment Match Quiz Stats

 Plays Quiz not verified by Sporcle

Challenge
Share
Tweet
Embed
Score 0/55 Timer 20:00
0 Plays Today
% Correct
Juan Carlos Navarro
65.5%
Jay Williams
61.1%
Caron Butler
61.1%
Qyntel Woods
59.3%
Casey Jacobsen
54.9%
Yao Ming
53.1%
Fred Jones
53.1%
Nenad Krstic
53.1%
Dajuan Wagner
46%
John Salmons
44.2%
Kareem Rush
43.4%
Jiri Welsch
38.1%
Vincent Yarbrough
38.1%
Drew Gooden
37.2%
Tayshaun Prince
35.4%
Bostjan Nachbar
34.5%
Amar'e Stoudemire
31.9%
Federico Kammerichs
31.9%
Milos Vujanic
30.1%
Mike Dunleavy
29.2%
Juan Dixon
29.2%
Corsley Edwards
29.2%
Ryan Humphrey
27.4%
David Andersen
26.5%
Jared Jeffries
24.8%
Dan Dickau
24.8%
Carlos Boozer
24.8%
Ronald Murray
24.8%
% Correct
Tito Maddox
23.9%
Nikoloz Tskitishvili
21.2%
Roger Mason
21.2%
Lonny Baxter
20.4%
Peter Fehse
20.4%
Chris Jefferies
19.5%
Matt Barnes
17.7%
Chris Wilcox
16.8%
Marcus Haislip
16.8%
Frank Williams
16.8%
Dan Gadzuric
16.8%
Jason Jennings
16.8%
Nene
15.9%
Melvin Ely
15.9%
Steve Logan
15.9%
Robert Archibald
14.2%
Darius Songaila
13.3%
Rasual Butler
13.3%
Randy Holcomb
13.3%
Curtis Borchardt
12.4%
Rod Grizzard
12.4%
Sam Clancy
12.4%
Marcus Taylor
11.5%
Jamal Sampson
9.7%
Mario Kasun
8%
Tamar Slay
8%
Chris Owens
7.1%

You're not logged in!

Compare scores with friends on all Sporcle quizzes.
Join for Free
OR
Log In

You Might Also Like...

Show Comments

Extras

Top Quizzes Today


Score Distribution

Your Account Isn't Verified!

In order to create a playlist on Sporcle, you need to verify the email address you used during registration. Go to your Sporcle Settings to finish the process.

Report this User

Report this user for behavior that violates our Community Guidelines.

Details: